Az őzállomány minőség változásának számítógépes elemzése trófeabírálati eredmények alapján 1991-től 1999-ig a földeáki Dózsa VT. területén
Elmentve itt :
| Szerző: | |
|---|---|
| További közreműködők: | |
| Dokumentumtípus: | Szakdolgozat |
| Megjelent: |
1999
|
| Kulcsszavak: | Vadgazdálkodás Őzállomány Trófeaminőség Számítógépes elemzés Földeák |
| Tárgyszavak: | |
| Online Access: | http://diploma.bibl.u-szeged.hu/100812 |
| LEADER | 00966nta a2200265 i 4500 | ||
|---|---|---|---|
| 001 | dipl100812 | ||
| 005 | 20211202125323.0 | ||
| 008 | 211122s1999 hu om 0|| hun d | ||
| 040 | |a SZTE Diploma Repozitórium |b hun | ||
| 041 | |a hun | ||
| 100 | 1 | |a Baranyi László | |
| 245 | 1 | 3 | |a Az őzállomány minőség változásának számítógépes elemzése trófeabírálati eredmények alapján 1991-től 1999-ig a földeáki Dózsa VT. területén |h [elektronikus dokumentum] / |c László Baranyi |
| 260 | |c 1999 | ||
| 300 | |a 45 | ||
| 650 | 4 | |a Agrár | |
| 650 | 4 | |a Agricultural sciences | |
| 650 | 4 | |a Agriculture, forestry and fisheries | |
| 695 | |a Vadgazdálkodás | ||
| 695 | |a Őzállomány | ||
| 695 | |a Trófeaminőség | ||
| 695 | |a Számítógépes elemzés | ||
| 695 | |a Földeák | ||
| 700 | 0 | 1 | |a Hagymási László |e ths |
| 700 | 0 | 1 | |a Bodnár Árpád |e ths |
| 856 | 4 | 0 | |u https://diploma.bibl.u-szeged.hu/id/eprint/100812/1/1999_baranyi_laszlo.pdf |z Dokumentum-elérés |